| 000 | 02499nam a2200313 a 4500 | ||
|---|---|---|---|
| 003 | DO-SdBNP | ||
| 005 | 20260211101520.0 | ||
| 007 | ta | ||
| 008 | 220505e2019 dr ||||gr|||| 001 edspa d | ||
| 020 | _a9789945805840 | ||
| 040 |
_aDO-SdBNP _bspa _cBNPHU |
||
| 082 | 4 |
_222 _bP923c |
|
| 245 | 1 | 3 |
_aEl precedente constitucional y judicial, análisis crítico : _bhomenaje a Michele Taruffo / _cEditor, Alejandro A. Moscoso Segarra; Prólogo, Milton Ray Guevara |
| 260 |
_aSanto Domingo : _bSoto Castillo, _c2019 |
||
| 300 |
_axxx, 303 p. ; _c24 cm. |
||
| 500 | _aIncluye datos biográficos del compilador en la solapas de las cubiertas. | ||
| 500 | _aIncluye bibliografía y notas al pie de páginas. | ||
| 504 | _aBibliografía: p. 302 - 203 | ||
| 505 |
_tPrólogo. / _rMilton Ray Guevara.-- _tIntroducción. / _rAlejandro Moscoso Segarra.-- _tAspectos del precedente judicial. / _rMichele Taruffo.-- _tDe la jurisprudencia al Precedente. / _rLuis Miguel Pereyra.-- _tCaracterísticas del precedente en materia laboral. / _rManuel R. Herrera Carbuccia.-- _tLas garantías de la eficacia del precedente: Especial referencia al ordenamiento jurídico dominicano. / _rHermógenes Acosta de los Santos.-- _tEl PRECEDENTE JUDICIAL VINCULANTE. Concepto, argumentos y vigencia en sudamérica. / _rLuis Inván Díaz García.-- _tEl precedente ante el TSE: La seguridad jurídica del proceso electoral. / _rRomán Andrés Jáquez Liranzo.-- _tAlgunas notas en torno al carácter vinculante del precedente interamericano en la República Dominicana. / _rEduardo Jorge Prats.-- _tEl precedente constitucional vinculante. / _rJosé Alberto Cruceta Almánzar.-- _tTeoría General sobre los precedentes vinculantes. Justificación y significado de los precedentes vinculantes. / _rFranklin E. Concepción Acosta.-- _tPrecedente y seguridad jurídica. / _rHiroito Reyes.-- _tEl precedente vinculante su complejidad y los derechos humanos y un ejemplo, en el caso de la penalización del aborto en todas sus circunstancias. / _rYildalina Tatem Brache. |
||
| 590 | _aInventariado 2022 / MF | ||
| 600 | 4 |
_a Taruffo, Michele. _981559 |
|
| 650 | 4 |
_935608 _aDerecho Constitucional _xEnsayos, Conferencias, etc. _zRepública Dominicana |
|
| 650 | 0 |
_aTribunales constitucionales _zRepública Dominicana _978719 |
|
| 650 | 4 |
_980962 _a Ley constitucional _zRepública Dominicana |
|
| 700 | 1 |
_aMoscoso Segarra, Alejandro A _d1964- _ecomp. _962241 |
|
| 700 | 1 |
_aMilton Ray Guevara _d1948- _4pról. _978143 |
|
| 910 | _aMFeliz | ||
| 942 |
_2ddc _cLBS1 |
||
| 999 |
_c51650 _d51650 |
||